000 00495nam a2200181Ia 4500
005 20250923144535.0
008 008 250917s9999 xx 000 0 eng d
037 _aTextual
040 _aDSWL
_beng
_cDSWL
041 _aeng
_2eng
084 _qDSWL
100 _aMannheim, K
_9825922
245 0 _aEssays on the sociology of culture
_cby K Mannheim
260 _aLondon
_bRouteledge & Kegan Paul
_c1956
300 _aix,253p.
942 _cTEXL
999 _c1440226
_d1440226